000 00269nam a22001217a 4500
041 _aENG
100 _aMarcus.Karel
245 _aPrinciples Of Food Science
260 _aNew York
_bMarcel Dekker
_c1975
300 _a474
650 _aAPE ( 02 )
856 _uAPE ( 02 )
999 _c2859
_d2859